000 00266nam a2200121Ia 4500
100 _aCrozier/Patric
942 _cBK
654 _ainstrument
245 _aElectronic instruments and measurements
260 _bCBS
_aDelhi
_c1987
300 _a382
546 _aENGLISH
999 _c30246
_d30246